Statistics for My Top 16 Favorite Metallica Songs

Click here to take the quiz!

General Stats

  • This quiz has been taken 17 times
  • The average score is 12 of 16

Answer Stats

QuestionAlbumSong% Correct
12Ride the LightningFor Whom the Bell Tolls
92%
5Kill 'em AllSeek and Destroy
92%
4Master of PuppetsDisposable Heroes
85%
2Ride the LightningFade to Black
85%
3Kill 'em AllWhiplash
85%
10And Justice for AllBlackened
77%
1Ride the LightningCreeping Death
77%
9And Justice for AllOne
77%
15Master of PuppetsOrion
77%
8Metallica (Black Album)Wherever I May Roam
77%
11ReLoadFuel
69%
13Kill 'em AllHit The Lights
69%
6Ride the LightningFight Fire With Fire
62%
7Kill 'em AllThe Four Horsemen
62%
14And Justice for AllDyers Eve
46%
16Master of PuppetsWelcome Home (Sanitarium)
23%

Score Distribution

Percentile by Number Answered

Percent of People with Each Score

Your Score History

You have not taken this quiz